000 00361 a2200157 4500
001 72481
020 _a8576661489
040 _cAnchieta - Colégio São Paulo
100 _aChianca, Leonardo
240 1 0 _aO conde de Monte Cristo
_lpor
245 1 0 _aO conde de Monte Cristo
300 _a112
362 0 _a2005
650 4 _aLiteratura juvenil
942 _cBK
999 _c72481
_d72481